Pecado original y evolución (Registro nro. 69582)
[ vista simple ]
| 000 -LÍDER | |
|---|---|
| Campo fijo de descripción fija | 01436nab a2200217 i 4500 |
| 001 - NÚMERO DE CONTROL | |
| Campo de control | 768714001 |
| 003 - IDENTIFICADOR DEL NÚMERO DE CONTROL | |
| Campo de control | CO-MdFUSB |
| 005 - FECHA Y HORA DE LA ULTIMA TRANSACCIÓN | |
| control field | 20240508093943.0 |
| 008 - ELEMENTOS DE LONGITUD FIJA -- INFORMACIÓN GENERAL | |
| Campo fijo de descripción fija -- Información general | 240508t1967 sp ||||| |||| 00| 0 spa d |
| 040 ## - FUENTE DE CATALOGACIÓN | |
| Idioma de catalogación | spa |
| Agencia que realiza la transcripción | CO-MdFUSB |
| Agencia que realiza la modificación | CO-MdFUSB |
| 041 ## - CÓDIGO DE IDIOMA | |
| Código de idioma para texto/pista de sonido o título separado | spa |
| 100 ## - ASIENTO PRINCIPAL--NOMBRE PERSONAL | |
| Nombre personal | Rahner, Karl |
| Término relacionador | autor |
| 245 ## - TÍTULO | |
| Título | Pecado original y evolución |
| Mención de responsabilidad | / Karl Rahner |
| 520 ## - NOTA DE RESUMEN, ETC. | |
| Nota de sumario, etc. | Reconocer que el pecado original surge de la encarnación inicial de la humanidad, que sólo puede atribuirse a un individuo o una pareja, no es necesariamente obligatorio. También, es posible considerar a uno de sus individuos, o globalmente a todos, como el sujeto que cometió el primer error. Sin embargo, esta hipótesis presupone que esta Humanitas originans constituye una unidad física e histórica, lo cual es importante también a nivel de la historia de la salvación. Esta hipótesis parece posible basándose en supuestos poligenísticos. Por eso creemos que la autoridad eclesiástica no tiene por qué intervenir en el debate sobre el poliginismo para defender la enseñanza dogmática sobre el pecado original. |
| 650 #7 - ASIENTO SECUNDARIO DE MATERIA - TERMINO TEMÁTICO | |
| Término temático o nombre geográfico como elemento de entrada | Pecado |
| 9 (RLIN) | 368 |
| 650 #7 - ASIENTO SECUNDARIO DE MATERIA - TERMINO TEMÁTICO | |
| Término temático o nombre geográfico como elemento de entrada | Evolucionismo |
| 9 (RLIN) | 6974 |
| 653 ## - TÉRMINO DE INDIZACIÓN - NO CONTROLADO | |
| Término no controlado | Antiguo Testamento |
| 773 0# - ASIENTO DE ITEM FUENTE | |
| Biblionumber | 49450 |
| Itemnumber | 82586 |
| Otro identificador del ítem | R2516 |
| Título | Revista internacional de teología Concilium |
| Número de control del registro | (CO-MdFUSB)8 |
| Número Internacional Normalizado para Publicaciones Seriadas (ISSN) | 0210-1041 |
| Parte(s) relacionada(s) / Volumen., número. (mes año), páginas | Número 26, (junio, 1967), páginas: 400 - 414 |
| Enumeración y primera página | página: 400 |
| 942 ## - TIPO DE MATERIAL (KOHA) | |
| Tipo de Item KOHA | Artículos de Revista |
| 945 ## - INFORMACIÓN LOCAL DEL REGISTRO | |
| Catalogador | Catherine Arias Alvarez - Practicante SENA |
No hay ítems disponibles.
